000 00562nam a22002177a 4500
003 DO-SdBNP
005 20211006115241.0
007 ta
008 210506e2018 dr ||||er|||| 00| fdspa d
020 _a9789945168907
040 _aDO-SdBNP
_bspa
_cBNPHU
041 _hspa
082 4 _aBNPHU
_bT233a
100 1 _978028
_aTaveras, Ana Carmen
245 1 0 _aAmargo relato /
_b[novela]
_cAna Carmen Taveras;
260 _aSanto Domingo :
_bBúho,
_c2018
300 _a107 p. ;
_c18 cm
590 _aInventario, 2021/ MF
910 _aMfeliz
942 _2ddc
_cLBS1
999 _c49803
_d49803